Denominaciones de origen e indicaciones geográficas en la Unión Europea (Registro nro. 171309)

Detalles MARC
000 -LEADER
fixed length control field 02924nam a22003497a 4500
007 - PHYSICAL DESCRIPTION FIXED FIELD--GENERAL INFORMATION
fixed length control field cr|||| ||||
008 - FIXED-LENGTH DATA ELEMENTS--GENERAL INFORMATION
fixed length control field 220322s2018 eu |||||s|||| 00||0 spa d
020 ## - INTERNATIONAL STANDARD BOOK NUMBER
International Standard Book Number 978-84-9123-706-8
035 ## -
-- 33634
040 ## - CATALOGING SOURCE
Original cataloging agency vLex
090 ## -
-- 13073
-- 13073
100 1# - MAIN ENTRY--PERSONAL NAME
Personal name Martínez Gutiérrez, Ángel
245 10 - TITLE STATEMENT
Title Denominaciones de origen e indicaciones geográficas en la Unión Europea
Medium [Recurso electrónico] :
Remainder of title Cinco lustros de luces y sombras /
Statement of responsibility, etc Ángel Martínez Gutiérrez
256 ## -
-- Servicio en línea
260 ## - PUBLICATION, DISTRIBUTION, ETC. (IMPRINT)
Place of publication, distribution, etc Madrid:
Name of publisher, distributor, etc Marcial Pons,
Date of publication, distribution, etc 2018
300 ## - PHYSICAL DESCRIPTION
Extent 1 recurso electrónico
500 ## - GENERAL NOTE
General note En 2017 se cumplieron veinticinco años de la aprobación en la Unión Europea de una tutela específica para las figuras de calidad ancladas al territorio aplicables a la práctica totalidad de los productos agroalimentarios. Aunque la preocupación del legislador comunitario por esta materia, limitada eso sí al ámbito vitivinícola, se retrotrae a una etapa anterior coincidente con los albores de la Unión Europea, ha sido a partir de 1992 cuando se inició un proceso de extensión productiva y armonización comunitaria que ha llegado hasta nuestros días. Se justifica así que, con ocasión de esta efeméride, la monografía aborde el estudio de los dos principales instrumentos normativos comunitarios actualmente vigentes en la Unión Europea, atendiendo a las aportaciones de la doctrina científica, así como a las decisiones administrativas y judiciales adoptadas dentro y fuera de España. Así pues, además de examinar los preceptos del Reglamento (UE) núm. 1308/2013 que han sido dedicados a los títulos de calidad vitivinícolas, analiza también el contenido del Reglamento (UE) núm. 1151/2012, que los regula de forma horizontal para todos los productos agroalimentarios, a excepción de las bebidas espirituosas y los productos vitivinícolas aromatizados, cuyas indicaciones geográficas encuentran su regulación en sendos regímenes jurídicos específicos que resultan tributarios de la normativa horizontal [Reglamento (CE) núm. 110/2008 y Reglamento (UE) núm. 251/2014].
506 1# - RESTRICTIONS ON ACCESS NOTE
Terms governing access Disponible solo en los productos indicados
Authorized users vLex Global
-- vLex Global (Academic Edition, excluding Law Schools)
-- vLex Global (U.S. Academic Edition, Law Schools)
-- vLex Global (U.S. Academic Edition, excluding Law Schools)
-- vLex Global (Academic Edition, Law Schools)
650 04 - SUBJECT ADDED ENTRY--TOPICAL TERM
Topical term or geographic name as entry element Propiedad Industrial
Geographic subdivision España
650 04 - SUBJECT ADDED ENTRY--TOPICAL TERM
Topical term or geographic name as entry element Derecho de la Competencia
Geographic subdivision España
650 04 - SUBJECT ADDED ENTRY--TOPICAL TERM
Topical term or geographic name as entry element Actividad Administrativa
Geographic subdivision España
650 04 - SUBJECT ADDED ENTRY--TOPICAL TERM
Topical term or geographic name as entry element Sanidad
Geographic subdivision España
650 04 - SUBJECT ADDED ENTRY--TOPICAL TERM
Topical term or geographic name as entry element Alimentación
Geographic subdivision España
650 04 - SUBJECT ADDED ENTRY--TOPICAL TERM
Topical term or geographic name as entry element Consumo
Geographic subdivision España
650 04 - SUBJECT ADDED ENTRY--TOPICAL TERM
Topical term or geographic name as entry element Derecho Comunitario
Geographic subdivision España
650 04 - SUBJECT ADDED ENTRY--TOPICAL TERM
Topical term or geographic name as entry element Agricultura y Ganadería
Geographic subdivision España
650 04 - SUBJECT ADDED ENTRY--TOPICAL TERM
Topical term or geographic name as entry element Pesca
Geographic subdivision España
740 0# -
-- vLex Libros (Servicio en línea)
856 40 - LOCALIZACIÓN Y ACCESO ELECTRÓNICO
Identificador Uniforme del Recurso (URI/URL) https://app.vlex.com/#/sources/33634
942 ## -
-- RAA
999 ## -
-- 171309
-- 171309

No hay ítems disponibles.


CONTACTO


NOSOTROS


SITIOS DE INTERES

coordinacion.biblioteca.biblioteca@unienlinea.mx Misión, Visión y Objetivos Bases de datos
Directorio Bibliotecas Digitales y Repositorios
Normatividad Revistas y artículos
Convenios interbibliotecarios
Boletines



Hecho en México. Universidad Insurgentes (UIN). Todos los derechos reservados 2024. Esta página y sus contenidos pueden ser reproducidos con fines no lucrativos, siempre y cuando no se mutile, se cite la fuente completa y su dirección electrónicas. De otra forma requiere permiso previo por escrito de la institución




2024 Copyright Universidad Insurgentes | www.bibliouin.com.mx